[Event "Moscow op-A"]
[Site "Moscow"]
[Date "2009.01.31"]
[Round "1"]
[White "Tkachuk, Andrey"]
[Black "Korovianski, Dmitry"]
[Result "0-1"]
[WhiteElo "2150"]
[BlackElo "2281"]
[PlyCount "68"]
[EventDate "2009.01.31"]
[EventType "swiss"]
[EventRounds "9"]
[EventCountry "RUS"]
[SourceTitle "EXT 2022"]
[Source "ChessBase"]
[SourceDate "2021.10.06"]
[SourceVersion "1"]
[SourceVersionDate "2021.10.06"]
[SourceQuality "1"]

1. e4 c5 2. Nf3 Nc6 3. Nc3 e6 4. d4 cxd4 5. Nxd4 Nf6 6. Ndb5 d6 7. Bf4 e5 8. Bg5 a6 9. Na3 b5 10. Bxf6 gxf6 11. Nd5 Bg7 12. Be2 f5 13. exf5 Bxf5 14. c3 Ne7 15. Nxe7 Qxe7 16. Nc2 Be6 17. Ne3 Rb8 18. Bg4 0-0 19. Bf5 b4 20. Qh5 h6 21. c4 e4 22. Rb1 b3 23. a3 Rbc8 24. Qg4 Rc5 25. Bxe6 Qxe6 26. Qd1 f5 27. Qxb3 f4 28. Nd5 Kh8 29. Rd1 Qg4 30. Rg1 e3 31. f3 Qh4+ 32. Ke2 Qf2+ 33. Kd3 e2 34. Rde1 Rxd5+ 0-1

[Event "RUS Central Region-ch"]
[Site "Tula"]
[Date "2004.03.21"]
[Round "8"]
[White "Korovianski, Dmitry"]
[Black "Zimmerman, Yuri"]
[Result "0-1"]
[WhiteElo "2259"]
[BlackElo "2355"]
[PlyCount "80"]
[EventDate "2004.03.14"]
[EventType "swiss"]
[EventRounds "9"]
[EventCountry "RUS"]
[SourceTitle "EXT 2005"]
[Source "ChessBase"]
[SourceDate "2004.11.15"]
[SourceVersion "1"]
[SourceVersionDate "2004.11.15"]
[SourceQuality "1"]

1. d4 d6 2. c4 g6 3. Nc3 Bg7 4. e4 Nf6 5. f3 0-0 6. Bg5 a6 7. Qd2 Nc6 8. Nge2 Rb8 9. h4 h5 10. Nd5 b5 11. 0-0-0 bxc4 12. g4 Nxd5 13. exd5 Nb4 14. Nc3 hxg4 15. Bxc4 c6 16. h5 cxd5 17. hxg6 dxc4 18. Qh2 fxg6 19. Qh7+ Kf7 20. Bh6 Rg8 21. fxg4 Nd3+ 22. Rxd3 cxd3 23. Rf1+ Ke6 24. Qxg6+ Kd7 25. Bxg7 Qa5 26. d5 Kc7 27. Re1 Bd7 28. Rxe7 Rge8 29. Rxd7+ Kxd7 30. Qf5+ Kd8 31. Bf6+ Kc7 32. Qh7+ Kc8 33. Qf7 Re2 34. Qg8+ Kb7 35. Qh7+ Qc7 36. Qxd3 Rbe8 37. Bd4 Rh2 38. Qd1 Ree2 39. Kb1 Rxb2+ 40. Ka1 Qc4 0-1

[Event "Kharkov Caissa op"]
[Site "Kharkov"]
[Date "2002.01.29"]
[Round "8"]
[White "Gavrish, Leonid"]
[Black "Korovianski, Dmitry"]
[Result "1-0"]
[WhiteElo "2030"]
[BlackElo "2271"]
[PlyCount "89"]
[EventDate "2002.01.22"]
[EventType "swiss"]
[EventRounds "9"]
[EventCountry "UKR"]
[SourceTitle "CBM 086 Extra"]
[Source "ChessBase"]
[SourceDate "2002.03.14"]
[SourceVersion "1"]
[SourceVersionDate "2002.03.14"]
[SourceQuality "1"]

1. d4 Nf6 2. c4 e6 3. Nc3 Bb4 4. e3 c5 5. Nge2 b6 6. a3 Ba5 7. Rb1 Na6 8. d5 exd5 9. cxd5 b5 10. Bd2 b4 11. axb4 Nxb4 12. Nf4 Bc7 13. Nd3 0-0 14. Nxc5 Qe7 15. Nd3 Nfxd5 16. Nxd5 Nxd5 17. Be2 Rb8 18. Ra1 a6 19. Bf3 Qd6 20. Ra4 Re8 21. g3 a5 22. 0-0 Rb5 23. Rd4 Bb6 24. Qa4 Ba6 25. Qxb5 Bxb5 26. Rxd5 Qxd5 27. Bxd5 Bxd3 28. Ra1 Re5 29. Bxa5 Rxd5 30. Bxb6 f6 31. Bd4 Rd6 32. Ra3 Be2 33. f4 Rc6 34. Bc3 d5 35. Kf2 Bc4 36. Ra7 h5 37. h3 Kh7 38. g4 hxg4 39. hxg4 Rb6 40. Rc7 Bd3 41. Bd4 Ra6 42. Kg3 Ra1 43. Bxf6 Rg1+ 44. Kh4 Rh1+ 45. Kg5 1-0

[Event "Kharkov Caissa op"]
[Site "Kharkov"]
[Date "2002.01.25"]
[Round "4"]
[White "Zubarev, Alexander2222"]
[Black "Korovianski, Dmitry"]
[Result "1-0"]
[WhiteElo "2480"]
[BlackElo "2271"]
[PlyCount "65"]
[EventDate "2002.01.22"]
[EventType "swiss"]
[EventRounds "9"]
[EventCountry "UKR"]
[SourceTitle "CBM 086 Extra"]
[Source "ChessBase"]
[SourceDate "2002.03.14"]
[SourceVersion "1"]
[SourceVersionDate "2002.03.14"]
[SourceQuality "1"]

1. e4 c5 2. Nf3 e6 3. d4 cxd4 4. Nxd4 Nf6 5. Nc3 d6 6. Be3 Be7 7. f3 Nc6 8. Qd2 0-0 9. g4 a6 10. 0-0-0 Nd7 11. h4 Nde5 12. Qg2 Nxd4 13. Bxd4 Qa5 14. g5 b5 15. Kb1 Bb7 16. Qf2 Bd8 17. Bh3 Re8 18. h5 b4 19. Ne2 Nc4 20. g6 e5 21. Be3 fxg6 22. hxg6 h6 23. Bd7 Re7 24. Bf5 Bc8 25. Ng3 Rb7 26. Rd3 Bb6 27. Bxb6 Rxb6 28. Qh2 Qa4 29. Nh5 Rb5 30. Nxg7 Ra5 31. a3 Nxa3+ 32. Rxa3 bxa3 33. Qxh6 1-0

[Event "RUS-chT clubs 1L"]
[Site "Korolev"]
[Date "2000.??.??"]
[Round "7"]
[White "Dolzhenkov, Yuriy"]
[Black "Korovianski, Dmitry"]
[Result "1-0"]
[WhiteElo "2309"]
[BlackElo "2272"]
[PlyCount "59"]
[EventDate "2000.??.??"]
[EventType "team"]
[EventRounds "9"]
[EventCountry "RUS"]
[SourceTitle "EXT 2006"]
[Source "ChessBase"]
[SourceDate "2005.11.24"]
[SourceVersion "1"]
[SourceVersionDate "2005.11.24"]
[SourceQuality "1"]

1. e4 c5 2. Nc3 e6 3. f4 Nc6 4. Nf3 d5 5. Bb5 Nge7 6. exd5 Nxd5 7. Bxc6+ bxc6 8. d3 Be7 9. 0-0 0-0 10. Ne5 Qc7 11. Qe1 f6 12. Nc4 f5 13. Na4 Nb6 14. Qa5 Nd5 15. Qxc7 Nxc7 16. Be3 Na6 17. a3 Bd7 18. Rae1 Rab8 19. Bf2 Rfd8 20. b3 Rb5 21. Re2 h6 22. Rfe1 Kf8 23. g4 g6 24. Ne5 fxg4 25. Nxg6+ Kf7 26. Nxe7 Kxe7 27. Bh4+ Ke8 28. f5 Nc7 29. fxe6 Bxe6 30. Bxd8 1-0

[Event "RUS-chT clubs 1L"]
[Site "Korolev"]
[Date "2000.??.??"]
[Round "2"]
[White "Korovianski, Dmitry"]
[Black "Gutov, Andrey"]
[Result "0-1"]
[WhiteElo "2272"]
[BlackElo "2497"]
[PlyCount "118"]
[EventDate "2000.??.??"]
[EventType "team"]
[EventRounds "9"]
[EventCountry "RUS"]
[SourceTitle "EXT 2006"]
[Source "ChessBase"]
[SourceDate "2005.11.24"]
[SourceVersion "1"]
[SourceVersionDate "2005.11.24"]
[SourceQuality "1"]

1. d4 Nf6 2. c4 g6 3. Nc3 Bg7 4. e4 d6 5. f3 0-0 6. Bg5 c5 7. d5 a6 8. a4 e6 9. Qd2 exd5 10. cxd5 Re8 11. Nge2 Nbd7 12. Ng3 Qc7 13. Be2 c4 14. 0-0 Nc5 15. Bxc4 Bd7 16. Kh1 Rec8 17. Rfc1 Qd8 18. b4 Nxa4 19. Nxa4 b5 20. Bb3 Rxc1+ 21. Qxc1 bxa4 22. Bxa4 Qb6 23. Bxf6 Bxf6 24. Bxd7 Bxa1 25. Bc6 Rb8 26. Qxa1 Qxb4 27. h3 Qb1+ 28. Qxb1 Rxb1+ 29. Kh2 a5 30. e5 dxe5 31. Ne4 Rc1 32. d6 Kf8 33. Bb5 Rb1 34. d7 Ke7 35. Nd6 Rxb5 36. d8Q+ Kxd8 37. Nxb5 a4 38. Kg3 Kd7 39. Kf2 Kc6 40. Nc3 a3 41. Ke3 Kc5 42. Kd3 Kb4 43. Kc2 f5 44. Nd5+ Kc4 45. Nc3 Kd4 46. Kd2 Kc4 47. Kc2 h6 48. h4 Kd4 49. Kd2 Kc5 50. Kd3 Kb4 51. Kc2 Kc4 52. g4 h5 53. gxh5 gxh5 54. Ne2 e4 55. Ng3 exf3 56. Nxh5 a2 57. Kb2 f4 58. Nf6 f2 59. Ne4 a1Q+ 0-1